Biotechnology, the science and the business /

Salvato in:
Dettagli Bibliografici
Altri autori: Moses, V., Cape, Ronald E. 1932-
Natura: Libro
Lingua:inglese
Pubblicazione: Amsterdam Harwood Academic Publishers c1999.
Soggetti:
Accesso online:Visualizza in OPAC
Tags: Aggiungi Tag
Nessun Tag, puoi essere il primo ad aggiungerne!!

MARC

LEADER 00000pam a2200000 a 4500
005 20260127134247.0
008 901130s1991 sz a b 001 0 eng
010 |a 90-026538 
020 |a 9057024063 
035 |a vtls008947390 
039 9 |a 200702200923  |b mschk03  |y 200702200910  |z mschk03 
040 |a STUSCHK1  |b slo  |c STUSCHK1  |d DLC 
082 0 0 |a 660/.6  |2 20 
245 0 0 |a Biotechnology, the science and the business /  |c [edited by] Vivian Moses and Ronald E. Cape. 
260 |a Amsterdam  |b Harwood Academic Publishers  |c c1999. 
300 |a xii, 673 p.  |b ill.  |c 28 cm. 
504 |a Includes bibliographical references and index. 
650 0 |a Biotechnology. 
650 0 |a Biotechnology industries. 
700 1 |a Moses, V. 
700 1 |a Cape, Ronald E.  |d 1932- 
906 |a 7  |b cbc  |c orignew  |d 1  |e ocip  |f 19  |g y-gencatlg 
910 |a SCHK95 
919 |a 90-5702-406-3 
991 |b c-GenColl  |h TP248.2  |i .B576 1991  |p 00019424716  |t Copy 1  |w BOOKS 
999 |c 8118  |d 8118